000 00840nam a2200241 a 4500
001 35274
003 BD-RjUL
005 20211209052306.0
008 140522r19691962enk b 001 0 eng d
035 _a(BD-RjUL)35368
040 _aD2035
_beng
_cD2035
_dVDU
_dBD-RjUL
041 _aeng
082 0 4 _a307
_bBAT 1969
100 1 _aBatten, T. R.
_q(Thomas Reginald)
_98801
245 1 0 _aTraining for community development :
_ba critical study of method /
_cT.C. Batten.
260 _aLondon :
_bOxford University Press,
_c1962 [impression 1969].
300 _aviii, 192p. :
_c22 cm.
504 _aBibliography: p.179-189.and index.
650 0 _aCommunity development
_xStudy and teaching.
_9107466
650 0 _aCommunity organization
_xStudy and teaching.
_9107467
650 0 _aCommunity development
_xMethodology.
_9107468
942 _2ddc
_cBK
999 _c35274
_d35274